000 00600nam a2200229Ia 4500
003 OSt
005 20230511144126.0
008 210423s2010 xx 000 0 und d
020 _a9788126525386
040 _cAL
041 _aeng
082 _a660.6
_223
_bREHH
100 _aREHM (H J);REED (G),Ed.
_9103322
245 _aBiotechnology: enzymes biomass food and feed.
250 _a2
260 _aNew Delhi
_bWiley India Pvt Ltd
_c2010
300 _axvi,804
_bHB
365 _b3252
_cINR
440 _v9
906 _abiomass ; Biotechnology: ; enzymes ; feed. ; food
942 _2ddc
_cBK
999 _c164252
_d164252